Soils map of Africa (Record no. 29136)
[ view plain ]
| 000 -LEADER | |
|---|---|
| fixed length control field | 00454nam a22001337a 4500 |
| 008 - FIXED-LENGTH DATA ELEMENTS--GENERAL INFORMATION | |
| fixed length control field | 230511b |||||||| |||| 00| 0 eng d |
| 040 ## - CATALOGING SOURCE | |
| Original cataloging agency | National Science Library |
| Transcribing agency | National Science Library |
| 080 ## - UNIVERSAL DECIMAL CLASSIFICATION NUMBER | |
| Universal Decimal Classification number | 912:631.4(6) |
| Item number | K4 |
| 245 ## - TITLE STATEMENT | |
| Title | Soils map of Africa |
| Statement of responsibility, etc. | / Commission for technology C-Operation in Africa |
| 260 ## - PUBLICATION, DISTRIBUTION, ETC. | |
| Place of publication, distribution, etc. | Africa: |
| Name of publisher, distributor, etc. | Commission for technology C-Operation in Africa , |
| Date of publication, distribution, etc. | 1964 |
| 650 ## - SUBJECT ADDED ENTRY--TOPICAL TERM | |
| Topical term or geographic name entry element | Geography. |
| 653 ## - INDEX TERM--UNCONTROLLED | |
| Uncontrolled term | Map |
| 942 ## - ADDED ENTRY ELEMENTS (KOHA) | |
| Source of classification or shelving scheme | Universal Decimal Classification |
| Koha item type | Reference |
| Withdrawn status | Lost status | Source of classification or shelving scheme | Damaged status | Not for loan | Collection | Home library | Current library | Shelving location | Date acquired | Total Checkouts | Full call number | Barcode | Date last seen | Price effective from | Koha item type |
|---|---|---|---|---|---|---|---|---|---|---|---|---|---|---|---|
| Universal Decimal Classification | Non-fiction | National Science Library | National Science Library | GF/Rk-22/C-7/R-2 | 22/06/1965 | 912:631.4(6) K4 | 12889 | 11/05/2023 | 22/06/1965 | Reference |